Czy znasz prezydentów różnych kraji - Statystyki

Ogólne statystyki
  • Ten quiz został rozwiązany 178 razy
  • Średni wynik to 10 z 15
Statystyki odpowiedzi
Obrazkowy Odpowiedź % Poprawnych
Polska
100%
Rosja
99%
USA
96%
Białoruś
85%
Niemcy
85%
Japonia
83%
Albania
80%
Argentyna
68%
Włochy
62%
Węgry
51%
Belgia
45%
Czechy
44%
Izrael
44%
Austria
39%
Meksyk
36%
Nie znaleziono quizów pasujących do podanych kryteriów
Rozkład punktacji
Procent ludzi z każdym wynikiem
Percentyl według liczby udzielonych odpowiedzi
Twoja historia wyników
Nie rozwiązałeś tego quizu